| 000 | 00402 a2200145 4500 | ||
|---|---|---|---|
| 003 | OSt | ||
| 005 | 20240801154330.0 | ||
| 008 | 231017b |||||||| |||| 00| 0 eng d | ||
| 040 | _coclc | ||
| 082 |
_a892.73 _bSWA/M |
||
| 100 |
_aSwalih, Twaib _99739 |
||
| 245 |
_aMOOSIM HIJRATHI ILA SHIMAL / _cTwaib Swalih |
||
| 300 | _a172 p | ||
| 942 |
_2ddc _cBK _h892.73 _iSWA/M _k892.73 _mSWA/M |
||
| 999 |
_c42712 _d42712 |
||